=LDR 00000nam 2200000 4500 =001 INLIS000000000023206 =005 20130612121902 =008 ***********************************Ind** =035 ##$$0010-061300000023206 =041 ##$$a Ind =082 ##$$a 615 =090 ##$$a 615, Sut k =100 ##$$a Sutoyo Agus =245 ##$$a Kiat sukses, Agus Sutoyo =260 ##$$a 2000 $b Jakarta =300 ##$$a 222 hlm, 24 cm =650 ##$$a Bisnis =850 ##$$a NBPNMAT